|
|
|
|
| LEADER |
01195nam a2200289 a 4500 |
| 001 |
c000167109 |
| 003 |
CARM |
| 005 |
20030716143046.0 |
| 008 |
790912s1975 at b 000 0 eng d |
| 019 |
1 |
|
|a 2695370
|z 45177978
|5 LACONCORD2021
|
| 035 |
|
|
|a (OCoLC)37080952
|5 LACONCORD2021
|
| 040 |
|
|
|a QUT
|b eng
|c QUT
|d XNTU
|
| 042 |
|
|
|a anuc
|
| 043 |
|
|
|a u-at---
|
| 082 |
0 |
4 |
|a 153.23
|
| 100 |
1 |
|
|a Jurd, Margaret.
|
| 245 |
1 |
2 |
|a A critical survey of research on the development of social science concepts during adolescence :
|b a report prepared for the National Committee on Social Science Teaching /
|c Margaret Jurd.
|
| 260 |
|
|
|a Australia :
|b The Committee,
|c 1975?.
|
| 300 |
|
|
|a 92, xi p. ;
|c 30 cm.
|
| 490 |
1 |
|
|a Research paper
|v no. 1
|
| 504 |
|
|
|a Bibliography : p. i - xi.
|
| 650 |
|
0 |
|a Concept learning.
|
| 650 |
|
0 |
|a Social sciences
|x Study and teaching.
|
| 810 |
1 |
|
|a Australia.
|b National Committee on Social Science Teaching.
|t Research paper
|v no. 1.
|
| 852 |
8 |
|
|b CARM
|h A3:AB36E0
|i D06514
|p 0230877
|f BK
|
| 999 |
f |
f |
|i a1182dd3-6f22-580e-abd2-8f50ae7c77e5
|s 8ea9d60b-7cc7-5c4a-9f8a-4fc010f6b4da
|
| 952 |
f |
f |
|p Can circulate
|a CAVAL
|b CAVAL
|c CAVAL
|d CARM 1 Store
|e D06514
|f A3:AB36E0
|h Other scheme
|i book
|m 0230877
|